000 00581nam a2200217Ia 4500
005 20250326144105.0
008 250326s9999 xx 000 0 und d
020 _a0-312-23700-6
037 _aTextbook
040 _aFMSL
_beng
_cFMSL
041 _aeng
_2eng
084 _aY15:4 P04
_qFMSL
100 _aHendin J G
_9749002
245 0 _aHeartbreakers-woment and violence
_cHendin J G
260 _aNY
_bNY, Palgrave
_c2004
300 _a312p
365 _b1215.3710000000001
650 _aDevelopment
942 _cTB
_hY15:4 P04
999 _c1302312
_d1302312